00721nam a2200241 a 4500001001300000003000900013005001700022008004100039020000900080082002000089100001800109245002900127260004700156500003500203505002400238650001300262650003500275700001800310902000800328942000700336952011900343999001700462nice12345678IN_TiNIC20260116013933.0050524s1993 bana grp 000 0 eng  ac2500a324.245408bTHE aThengadi, D B aOur National Renaissance aBangalorebSahitya Sindhu Prakashanac1993 aincludes index and biblioraphy2 aBibliography, Index aHindutva aReligious Fundamentalism-Hindu1 aThengadi, D B bSRS cBK 001040708StackRoom-aHMIbHMId2007-04-11g25.00l0o324.245408 THEp017846r2007-04-11v25.00w2005-05-24yBK c13184d13184